Kliknij państwa Ameryki Południowej - Statystyki

Ogólne statystyki
  • Ten quiz został rozwiązany 48 razy
  • Średni wynik to 11 z 12
Odpowiedzi na mapie
Odpowiedzi zakodowano w zielono-czerwonej skali na mapie do tego quizu, zgodnie z poniższymi procentami.
 
Statystyki odpowiedzi
Odpowiedź % Poprawnych
Argentyna
100%
Brazylia
100%
Chile
93%
Peru
93%
Urugwaj
93%
Kolumbia
89%
Paragwaj
89%
Wenezuela
89%
Ekwador
81%
Gujana
81%
Boliwia
78%
Surinam
78%
Nie znaleziono quizów pasujących do podanych kryteriów
Rozkład punktacji
Procent ludzi z każdym wynikiem
Percentyl według liczby udzielonych odpowiedzi
Twoja historia wyników
Nie rozwiązałeś tego quizu